| 000 | 00737nam a22002417a 4500 | ||
|---|---|---|---|
| 999 |
_c264455 _d264454 |
||
| 003 | OSt | ||
| 005 | 20241030123811.0 | ||
| 008 | 240903b xxu||||| |||| 00| 0 eng d | ||
| 010 |
_a 2009314270 _z2006315516 |
||
| 020 | _a9290910895 | ||
| 040 | _c DLC | ||
| 050 |
_aLA1500 _b .E374 |
||
| 110 | _aUNESCO/BREDA | ||
| 245 | _aEducation for all in Africa. | ||
| 246 | _aEFA | ||
| 260 |
_aDakar, Senegal : _bUnesco Regional Office in Dakar (BREDA) _c2006 |
||
| 300 |
_a v. : _b col. ill., col. maps ; _c 30 cm. |
||
| 310 | _a Annual | ||
| 650 |
_aEducational indicators _v Periodicals. _zAfrica |
||
| 650 |
_a Education _v Periodicals. _zAfrica |
||
| 710 |
_aUnesco. _bRegional Office for Education in Africa. |
||
| 942 |
_2lcc _cJN |
||